Welke historische gebouwen bezoeken in Londen - Statistieken

Algemene statistieken
  • Deze quiz is 12 keer genomen
  • De gemiddelde score is 2 van 5
Antwoordstatistieken
Antwoord % Correct
Big Ben
70%
Tower Bridge
50%
Westminster Abbey
50%
Buckingham Palace
40%
St Pauls Cathedral
30%
Geen overeenkomende quizzen gevonden
Scoreverdeling
Procent van Mensen met Elke Score
Percentiel versus Aantal Correcte Antwoorden
Uw Scoregeschiedenis
U heeft deze quiz nog niet genomen